LDR 00816naa#a2200169#i#450# 001 RU\\bibl\121520 005 20260630042414.2 011 ## _a2073-0454 100 ## _a20251219b2025####ek#y0rusy0150####ca 102 ## _aRU 200 1# _aВлияние изменений федерального законодательства на правовой статус муниципальных учреждений здравоохранения _eЖурнальная статья 210 1# _aМосква _cМосковский университет МВД России имени В.Я. Кикотя _d2025 215 ## _a6 с. 608 ## _aЖурнальная статья _2local 675 ## _aПраво. Юридические науки. 34 _z 700 #1 _aКамалян _gАшот Владимирович 856 4# _amosumvd.editorum.ru _u